How many times you can type "Hong Kong" in reverse within 60 seconds - Statistics

General Stats
  • This quiz has been taken 1,429 times
    45 since last reset
  • The average score is 17 of 20
Answer Stats
Let see % Correct
gnoK gnoH
100%
gnoK gnoH
94%
gnoK gnoH
94%
gnoK gnoH
94%
gnoK gnoH
94%
gnoK gnoH
94%
gnoK gnoH
94%
gnoK gnoH
94%
gnoK gnoH
94%
gnoK gnoH
88%
gnoK gnoH
88%
gnoK gnoH
85%
gnoK gnoH
85%
gnoK gnoH
82%
gnoK gnoH
79%
gnoK gnoH
79%
gnoK gnoH
76%
gnoK gnoH
76%
gnoK gnoH
76%
gnoK gnoH
74%
No matching quizzes found
Score Distribution
Percent of People with Each Score
Percentile by Number Answered
Your Score History
You have not taken this quiz since the last reset